[Event "Unterfranken-ch HA 48th"]
[Site "Bergrheinfeld"]
[Date "1997.??.??"]
[Round "1"]
[White "Pfaff, Werner"]
[Black "Degering, Benedikt"]
[Result "1/2-1/2"]
[WhiteElo "1600"]
[BlackElo "1593"]
[PlyCount "28"]
[EventDate "1997.03.31"]
[EventType "swiss"]
[EventRounds "9"]
[EventCountry "GER"]
[SourceTitle "EXT 2015"]
[Source "ChessBase"]
[SourceDate "2014.11.20"]
[SourceVersion "1"]
[SourceVersionDate "2014.11.20"]
[SourceQuality "1"]

1. d4 Nf6 2. c4 e6 3. Nc3 Bb4 4. Qc2 b6 5. e4 Bxc3+ 6. bxc3 Bb7 7. Bd3 d6 8. Nf3 Nbd7 9. 0-0 c5 10. Bg5 h6 11. Bh4 g5 12. Bg3 Qe7 13. Rfe1 e5 14. a4 0-0 1/2-1/2

[Event "Unterfranken-ch HA 48th"]
[Site "Bergrheinfeld"]
[Date "1997.??.??"]
[Round "7"]
[White "Pfaff, Werner"]
[Black "Muthig, Holger"]
[Result "1-0"]
[WhiteElo "1600"]
[BlackElo "1430"]
[PlyCount "53"]
[EventDate "1997.03.31"]
[EventType "swiss"]
[EventRounds "9"]
[EventCountry "GER"]
[SourceTitle "EXT 2015"]
[Source "ChessBase"]
[SourceDate "2014.11.20"]
[SourceVersion "1"]
[SourceVersionDate "2014.11.20"]
[SourceQuality "1"]

1. d4 Nf6 2. c4 g6 3. Nc3 d5 4. Nf3 Bg7 5. Qb3 c6 6. cxd5 cxd5 7. g3 0-0 8. Ne5 e6 9. f4 Nbd7 10. Bg2 a6 11. 0-0 b5 12. a4 Rb8 13. Nc6 Qb6 14. Nxb8 Qxd4+ 15. Kh1 Nxb8 16. axb5 Ng4 17. e3 Qb6 18. Na4 Qxb5 19. Qxb5 axb5 20. Nc3 Ba6 21. Nd1 b4 22. Re1 Rc8 23. h3 Nh6 24. g4 Kf8 25. Bd2 Rc2 26. Bxb4+ Ke8 27. Bd6 1-0

[Event "Unterfranken-ch HA 48th"]
[Site "Bergrheinfeld"]
[Date "1997.??.??"]
[Round "9"]
[White "Poppe, Wolfgang"]
[Black "Pfaff, Werner"]
[Result "1/2-1/2"]
[WhiteElo "1564"]
[BlackElo "1600"]
[PlyCount "34"]
[EventDate "1997.03.31"]
[EventType "swiss"]
[EventRounds "9"]
[EventCountry "GER"]
[SourceTitle "EXT 2015"]
[Source "ChessBase"]
[SourceDate "2014.11.20"]
[SourceVersion "1"]
[SourceVersionDate "2014.11.20"]
[SourceQuality "1"]

1. e4 c5 2. Nc3 Nc6 3. g3 d6 4. Bg2 g6 5. d3 Bg7 6. Be3 e6 7. Nge2 Nge7 8. Qd2 0-0 9. Bh6 Nd4 10. h4 Bxh6 11. Qxh6 Nxc2+ 12. Kd2 Nxa1 13. h5 Re8 14. Nf4 g5 15. Qxg5+ Kf8 16. Qh6+ Kg8 17. Qg5+ Kf8 1/2-1/2

[Event "Unterfranken-ch HA 48th"]
[Site "Bergrheinfeld"]
[Date "1997.??.??"]
[Round "3"]
[White "Weibert, Christoph"]
[Black "Pfaff, Werner"]
[Result "1-0"]
[WhiteElo "1193"]
[BlackElo "1600"]
[PlyCount "57"]
[EventDate "1997.03.31"]
[EventType "swiss"]
[EventRounds "9"]
[EventCountry "GER"]
[SourceTitle "EXT 2015"]
[Source "ChessBase"]
[SourceDate "2014.11.20"]
[SourceVersion "1"]
[SourceVersionDate "2014.11.20"]
[SourceQuality "1"]

1. e4 c5 2. Nf3 d6 3. d4 cxd4 4. Nxd4 Nf6 5. Nc3 g6 6. Be3 Bg7 7. Bc4 0-0 8. h3 Nc6 9. f4 Nxe4 10. Nxe4 d5 11. Nxc6 bxc6 12. Bb3 dxe4 13. Qxd8 Rxd8 14. c3 Ba6 15. g4 e6 16. Bd2 Bd3 17. 0-0-0 a5 18. Ba4 c5 19. Rde1 Rdb8 20. Bc6 Ra6 21. Bxe4 Bxe4 22. Rxe4 Rab6 23. b3 Rd6 24. Rc4 Bf8 25. f5 exf5 26. Bf4 Rc8 27. Bxd6 Bxd6 28. gxf5 gxf5 29. Rd1 1-0